Statistics for Tony Hawk Games

Click here to take the quiz!

General Stats

  • This quiz has been taken 69 times
  • The average score is 11 of 16

Answer Stats

Games% Correct
Pro Skater
98%
Pro Skater 2
97%
Pro Skater 3
97%
Underground
97%
Underground 2
97%
Pro Skater 4
95%
American Wasteland
85%
Pro Skater 5
82%
Project 8
74%
Ride
57%
Downhill Jam
56%
Proving Ground
52%
Shred
43%
Pro Skater HD
36%
Pro Skater 2X
30%
Motion
20%

Score Distribution

Percentile by Number Answered

Percent of People with Each Score

Your Score History

You have not taken this quiz